| 000 | 00866nas a2200265 4500 | ||
|---|---|---|---|
| 001 | BR9501054 | ||
| 003 | BR-BrBNA | ||
| 005 | 20231205094251.0 | ||
| 007 | ta | ||
| 008 | 230509b bl.|||p| |||| 00| 00por d | ||
| 040 |
_aBR-BrBNA _bpor _cBiblioteca Nacional de Agricultura |
||
| 041 | _a(Pt) | ||
| 072 | _aL53 | ||
| 100 | 1 | _aFonseca, V.O. | |
| 100 | 1 | _aCrudeli, G.A. | |
| 100 | 1 | _aSilva, E.V.C. e | |
| 100 | 1 | _aHermanny, A. | |
| 245 | 1 | _aPotencial reprodutivo de touros da raca Nelore (Bos taurus indicus)em monta natural: proporcao touro:vaca 1:40 e fertilidade | |
| 650 | _aGado Nelore | ||
| 650 | _aEficiencia Reprodutiva | ||
| 650 | _aComportamento Animal | ||
| 773 | 0 |
_tRevista Brasileira de Reproducao Animal (Brazil) _xISSN 0102-0803 _g(1991), v. 15(1-2) p. 103-108 _wBR9501054 |
|
| 909 |
_a202311 _bLúcia _c55 _dLúcia Elande |
||
| 942 |
_2AGRIS _n0 _cANA |
||
| 999 |
_c143210 _d143210 |
||